| 000 | 00450nam a2200169Ia 4500 | ||
|---|---|---|---|
| 005 | 20250424120223.0 | ||
| 008 | 250424s9999 xx 000 0 und d | ||
| 022 | _a0794445/ 07944551 | ||
| 050 | _aAS 633 .I45 A17/ | ||
| 245 | 0 | _aAlore: the Ilorin journal of the humanities | |
| 260 | _aIlorin | ||
| 260 | _bFaculty of Arts University of Ilorin | ||
| 260 | _c2007 | ||
| 300 | _av. ; 20 cm. | ||
| 650 | _aHumanities--Periodicals. | ||
| 942 | _cSR | ||
| 999 |
_c38069 _d38069 |
||